000
00270nam a2200109Ia 4500
008
190216s9999||||xx |||||||||||||| ||und||
100
_a
Clare Macwell
245
4
_a
The Complete Book Of Message
260
_b
Hindustan Publishing Co
650
_a
References
942
_c
REF
999
_c
35989
_d
35989